000 00296nam a22001337a 4500
008 171009b xxu||||| |||| 00| 0 eng d
020 _a0898854210
041 _aeng
080 _a159.9
100 _a49
101 _aPSI
245 _aARNOLD THEMES HIS WORK
_cAMES.L.B
942 _2udc
_cBK
999 _c32538
_d32538